"Architecture"

Bibliographic Details
Other Authors: Winterburn, A.H
Format: Book
Language:English
Published: Sheffield : Bennett College , 1964
Subjects:

MARC

LEADER 00000cam a2200000 7i4500
001 0000009298
005 20170111.0
008 161222 -uk eng
040 |a INS 
090 0 0 |a NA209.5   |b A73 1964 
245 0 0 |a "Architecture"   |c edited by A. H. Winterburn 
260 |a Sheffield :   |b Bennett College ,   |c 1964 
300 |a viii, 247p. :   |b illustration ;   |c 24 cm. 
650 0 |a Architecture 
700 1 |a Winterburn, A.H. 
999 |a 0000023822   |b BOOK   |c Open Shelf   |e Default branch